01321nam a22002897a 4500999001900000005001700019010004100036020002600077020001100103035001400114035001300128035001300141037001300154037002600167082000800193100001900201245008600220250001300306260003100319270008300350300003400433500003600467942002200503952012000525952018900645952019700834 c158054d15805420190408110140.0 aENG-124278 B-713038 B-721053 c895.00a9789386515636 c950.00 aEN-107810 aB-713038 aB-721053 bDBAD/PUB bAksharesh Enterprises a000 aArora, Manish  aUniversal's guide to CLAT & LL.B. entrance examination 2019-20 /cby Manish Arora a29th ed. aGurgaonbLexis Nexisc2018 a14th Floor, Building No-10, Tower-B, DLF Cyber City, Phase-IIbGurgaone122002 axii, 1306p.:c24cm(pbk)bill. aMore than 8500 solved questions 2ddccENmAROh000 001040718NFICaDBADbBNd2018-10-15eDBAD/PUBg895.00l0o000 AROpEN-107810r2018-10-15 00:00:00t1v895.00yEN 001040708NFICaAVbAVd2019-01-03eRK Books/IN2630/18-19/24-12-18/549/19-12-18/29-12-18g895.00l20m4o000 AROpB-713038r2023-07-11 00:00:00s2021-10-16t1v895.00w2019-01-03yEN 001040708NFICaZLSbZLSd2019-04-08eAksharesh Enterprises/0013/02-04-19/795/26-03-19/04-04-19g950.00l23m25o000 AROpB-721053r2023-03-25 00:00:00s2023-03-10t1v950.00w2019-04-08yEN